Problémy rozvoja moderných typov maloobchodu na Ukrajine

Maloobchod a ukrajinská ekonomika. Najväčšie dynamické zmeny sa uskutočňujú na mestskom segmente trhu. Maloobchod v mestách Ukrajiny. Štruktúra lokalizácie obchodných objektov v rámci mestskej zástavby. Obchodné podniky novej generácie. Rozvoj obchodných sietí. Obchodné centrá a rozvoj nových typo...

Ausführliche Beschreibung

Gespeichert in:
Bibliographische Detailangaben
1. Verfasser: Ušakovova, Nina
Weitere Verfasser: Ligonenko, Larisa
Format: Buchkapitel
Sprache:Slowakisch
Schlagworte:
Tags: Tag hinzufügen
Keine Tags, Fügen Sie das erste Tag hinzu!

MARC

LEADER 00000naa$a2200000$$$4500
001 0008250
005 20230907084842.4
041 0 |a slo 
044 |a SK 
245 1 0 |a Problémy rozvoja moderných typov maloobchodu na Ukrajine  |c aut. Nina Ušakovova, Larisa Ligonenko 
520 |a Maloobchod a ukrajinská ekonomika. Najväčšie dynamické zmeny sa uskutočňujú na mestskom segmente trhu. Maloobchod v mestách Ukrajiny. Štruktúra lokalizácie obchodných objektov v rámci mestskej zástavby. Obchodné podniky novej generácie. Rozvoj obchodných sietí. Obchodné centrá a rozvoj nových typov predajní v nepotravinárskom segmente. Projekty vybudovania moderných obchodných centier. Príprava Ukrajiny na vstup do Svetovej obchodnej organizácie. 
610 2 0 |a maloobchod 
610 2 0 |a siete obchodné 
610 2 0 |a predajne 
610 2 0 |a Ukrajina 
100 1 |a Ušakovova, Nina 
700 1 |a Ligonenko, Larisa